000 02465cam a22003131i 4500
003 SA-RiAUC
005 20250706181616.0
008 250702s1990 ye g 00010 ara c
040 _aSA-AhKFU
_bara
_cSA-RiAUC
_erda
043 _aar-----
082 0 4 _a915.3
_qSA-RiAUC
090 _a915.3
_bا ب ن ح
100 1 _aابن الحائك الهمداني، الحسن بن أحمد بن يعقوب،
_d280-334 هجري
_eمؤلف.
245 1 0 _aصفة جزيرة العرب /
_cلسان اليمن الحسن بن أحمد بن يعقوب الهمداني ؛ تحقيق محمد بن علي الأكوع الحوالي.
250 _aالطبعة الأولى.
264 1 _aصنعاء :
_bمكتبة الإرشاد،
_c1990
300 _a512 صفحة ؛
_c24 سم
336 _aنص
_btxt
_2rdacontent
_3كتاب
337 _aبدون وسيط
_bn
_2rdamedia
338 _aمجلد
_bnc
_2rdacarrier
590 _azuhimi.
651 7 _aشبه الجزيرة العربية
_xوصف ورحلات
_2aucsh
651 7 _aشبه الجزيرة العربية
_xجغرافيا
_2aucsh
700 1 _aالحوالي، محمد بن علي بن الحسين،
_d1321-1419 هجري
_eمحقق.
856 _uhttp://www.alwaraq.net/Core/AlwaraqSrv/bookpage?book=191&option=1&fkey=2&page=1
_yDigital Copy
_2 نرجو الانتباه لإمكانية وجود اختلاف في الطبعة أو الناشر بين البيانات على البوابة وما ستجده على الكتاب نظرا لمحدودية المعلومات المتاحة على الموقع الناشر للمادة.
_3Please note that there may be a difference in the edition or publisher between the data on the portal and the book due to the limited information available on the publisher website for the material.
856 _uhttp://www.alwaraq.net/Core/waraq/coverpage?bookid=191&option=1
_yExternal Link
_2 نرجو الانتباه لإمكانية وجود اختلاف في الطبعة أو الناشر بين البيانات على البوابة وما ستجده على الكتاب نظرا لمحدودية المعلومات المتاحة على الموقع الناشر للمادة.
_3Please note that there may be a difference in the edition or publisher between the data on the portal and the book due to the limited information available on the publisher website for the material.
942 _2ddc
_cBOOK
_n0
949 _aSA-JeALM
_d250702
_umohamedma123
_n1
999 _c9557
_d9557